| 000 | 00408nam a2200169Ia 4500 | ||
|---|---|---|---|
| 008 | 230524s9999 xx 000 0 und d | ||
| 020 | _a978813150474 | ||
| 082 |
_a658.45 _bDRU |
||
| 100 | _aColin Drury | ||
| 245 | 0 | _aManagement And Cost Accounting | |
| 250 | _a6TH | ||
| 260 |
_aNEW DELHI _bThomson _c2007 |
||
| 300 | _aXIX;1273 | ||
| 500 | _aQuantity Number: 3 | ||
| 650 | _aManagement | ||
| 942 | _cBK | ||
| 999 |
_c43254 _d43254 |
||